000 01440cam a22003854i 4500
999 _c63679
_d63679
001 768714001
003 CO-MdFUSB
005 20200413185425.0
007 cr cn|||||||||
008 130205t2013 sp ||||gs|||||||||||spa d
020 _a9788499455068
_qelectrónico
040 _aCO-MdFUSBC
_bspa.
_cCO-MdFUSB
_dCO-MdFUSBC
_erda
041 _aspa
082 0 4 _a210
_223
100 1 _aTassin, Claude.
_eautor
245 1 0 _aDe los hijos de Herodes a la segunda guerra judía
_c/ Claude Tassin ; traducido por Pedro Barrado , Mª del Pilar Salas
_h[recurso electrónico]
264 1 _aEspaña :
_bVerbo Divino,
_c[2013]
264 4 _c© 2013
300 _arecurso en línea (56 páginas)
_c;
336 _2rdacontent
_atexto
_btxt
337 _2rdamedia
_ainformático
_bc
338 _2rdacarrier
_aremoto
_bcr
347 _2rda
_afichero de texto
_bHtml
490 1 _aCuadernos Bíblicos
516 _aTexto electrónico
538 _aAcceso a Internet; requiere usuario y clave asignada por la biblioteca
650 4 _aReligión.
700 1 _aBarrado, Pedro.
700 1 _aSalas, María del Pilar.
830 _aCuadernos Bíblicos
_v144
856 4 0 _uhttp://site.ebrary.com/lib/unisbcsp/Doc?id=10693468
_b10693468
_zAbrir Versión electrónica del libro De los hijos de Herodes a la segunda guerra judía
942 _cBK
945 _aJTF-925